000 00435nam a2200169Ia 4500
008 230917s9999||||xx |||||||||||||| ||und||
020 _cRS995
040 _e258079
_aMAIN
041 _aEnglish
082 _aB N315N:B
100 _aBrown, Judith M
245 0 _aNehru: Profiles in Power
260 _aLondon
_bRoutledge
_c2019
300 _axiii, 209 p.
500 _a3647 01/10/2019 RK19/1922 10/10/2019 Main Budget
942 _cBK
999 _c33013
_d33013